000 00479nam a22001697a 4500
003 CEME
005 20210628202833.0
008 210203b xxu||||| |||| 00| 0 eng d
020 _a0-521-45389-5
040 _c.
082 _a355.02 MAK
100 _aMurray, Williamson Knox, Macgregor Bernstein, A
_961885
245 _aThe making of strategy, rulers, states, and war
260 _aNEW YORK
_bARMY EDUCATION PUBLISHING HOUSE
_c2003
300 _aXIV,680P
942 _cBK
_2ddc
999 _c571180
_d571180